Ann Judson, heroine of Burma, (Record no. 5009)

MARC details
000 -LEADER
fixed length control field 00675cam a22002291 4500
001 - CONTROL NUMBER
control field 9285436
003 - CONTROL NUMBER IDENTIFIER
control field GBCCL
005 - DATE AND TIME OF LATEST TRANSACTION
control field 20241126110531.0
008 - FIXED-LENGTH DATA ELEMENTS--GENERAL INFORMATION
fixed length control field 781026s1947 miu 000 0beng
010 ## -
-- 47024760
035 ## - SYSTEM CONTROL NUMBER
System control number (OCoLC)4320596
040 ## - CATALOGING SOURCE
Original cataloging agency DLC
Transcribing agency MiGrC
Modifying agency MiGrC
-- DLC
050 00 -
-- BV3271.J81
-- M5
082 ## - DEWEY DECIMAL CLASSIFICATION NUMBER
Classification number 266.0092
Item number MIL
100 1# - MAIN ENTRY--PERSONAL NAME
Personal name Miller, Basil,
Dates associated with a name 1897-1978.
9 (RLIN) 9031
245 00 - TITLE STATEMENT
Title Ann Judson, heroine of Burma,
Statement of responsibility, etc. by Basil Miller.
260 ## - PUBLICATION, DISTRIBUTION, ETC.
Place of publication, distribution, etc. Grand Rapids, Mich.,
Name of publisher, distributor, etc. Zondervan
Date of publication, distribution, etc. [1947]
300 ## - PHYSICAL DESCRIPTION
Extent 131 p.
Dimensions 20 cm.
600 10 - SUBJECT ADDED ENTRY--PERSONAL NAME
Personal name Judson, Ann Hasseltine,
Dates associated with a name 1789-1826.
9 (RLIN) 9041
906 ## - LOCAL DATA ELEMENT F, LDF (RLIN)
a 7
b cbc
c oclcrpl
d u
e ncip
f 19
g y-gencatlg
942 ## - ADDED ENTRY ELEMENTS (KOHA)
Source of classification or shelving scheme Dewey Decimal Classification
Koha item type Books
Koha issues (borrowed), all copies 1
Holdings
Withdrawn status Lost status Source of classification or shelving scheme Damaged status Not for loan Home library Current Library Shelving location Date acquired Total checkouts Full call number Barcode Date last seen Date last checked out Copy number Price effective from Koha item type
    Dewey Decimal Classification     GRACE BIBLE COLLEGE GRACE BIBLE COLLEGE Ministry & Mission 2018-02-19 1 266.0092 MIL 000918 2025-05-01 2023-09-11 c.1 2018-02-19 Books
© Grace Bible College Library 2025